| 000 | 00350nam a22001217a 4500 | ||
|---|---|---|---|
| 008 | 230620b xxu||||| |||| 00| 0 eng d | ||
| 082 |
_a307.7 _bSAF |
||
| 100 | _cHelen I.Safa | ||
| 245 | _aTowards A Political Economy of Urbanization in the third World Countries | ||
| 260 |
_alondon _bOxford University press _c1983 |
||
| 300 | _a315p | ||
| 942 |
_2ddc _cBK |
||
| 999 |
_c1472 _d1472 |
||